| 000 | 00448nam a22001817a 4500 | ||
|---|---|---|---|
| 003 | MPLRDC | ||
| 005 | 20220104143608.0 | ||
| 008 | 210129b ||||| |||| 00| 0 eng d | ||
| 020 | _a967-84-0131-2 | ||
| 082 | _a859.4 JYGS v.2 | ||
| 100 | _a洪全 编写; 克宾 绘图 | ||
| 245 |
_a四个好朋友 _c |
||
| 260 |
_a _b大传出版有限公司 _c |
||
| 300 | _b平 | ||
| 490 | _a教育故事丛书 | ||
| 650 | _a | ||
| 942 |
_cBK _o859.4 JYGS v.2 |
||
| 999 |
_c41454 _d41444 |
||